The surgery of abdominal trauma / (Record no. 116234)

MARC details
000 -LEADER
campo de control de longitud fija 00521nam a2200169 4500
001 - NÚMERO DE CONTROL
campo de control 116234
003 - IDENTIFICADOR DE NÚMERO DE CONTROL
campo de control ES-MaACL
005 - FECHA Y HORA DE LA ÚLTIMA TRANSACCIÓN
campo de control 20230906190650.0
007 - CAMPO FIJO DE DESCRIPCIÓN FÍSICA--INFORMACIÓN GENERAL
campo de control de longitud fija t|
008 - DATOS DE LONGITUD FIJA--INFORMACIÓN GENERAL
campo de control de longitud fija 061121s1944 xxk r ||||1| eng d
100 1# - ENTRADA PRINCIPAL--NOMBRE DE PERSONA
Nombre de persona Parker, Geoffrey E.
9 (RLIN) 89178
245 14 - MENCIÓN DEL TÍTULO
Título The surgery of abdominal trauma /
Mención de responsabilidad, etc. Geoffrey E. Parker ; foreword by Colonel J. M. Weddell.
260 ## - PUBLICACIÓN, DISTRIBUCIÓN, ETC.
Lugar de publicación, distribución, etc. London :
Nombre del editor, distribuidor, etc. Churchill,
Fecha de publicación, distribución, etc. 1944.
300 ## - DESCRIPCIÓN FÍSICA
Extensión VIII, 120 p. :
Otras características físicas IL ;
Dimensiones 21 cm.
700 1# - ENTRADA AGREGADA--NOMBRE PERSONAL
Nombre de persona Weddell, J. M.
9 (RLIN) 116280
852 ## - LOCALIZACIÓN
Ubicación ES-MaACL
Número de control de estantería B-10400
Sublocalización o colección R.22474
Holdings
Estatus retirado Estado de pérdida Estado de daño No para préstamo Biblioteca de origen Biblioteca actual Ubicación en estantería Fecha de adquisición Fuente de adquisición Total de préstamos Signatura topográfica completa Código de barras Visto por última vez Precio de reemplazo Tipo de ítem Koha
        Biblioteca del Ateneo de Madrid Biblioteca del Ateneo de Madrid Sala Pardo Bazán 17/01/2008     B-10400 1121209 23/02/2023 23/02/2023 Libro impreso